Mimesis : (Record no. 1710)

MARC details
000 -LEADER
fixed length control field 00639cam a2200193 4500
001 - CONTROL NUMBER
control field 2166
005 - DATE AND TIME OF LATEST TRANSACTION
control field 20181127164659.0
008 - FIXED-LENGTH DATA ELEMENTS--GENERAL INFORMATION
fixed length control field 721213s1953 nju 000 0 eng
010 ## - LIBRARY OF CONGRESS CONTROL NUMBER
LC control number 52013152
041 1# - LANGUAGE CODE
Language code of text/sound track or separate title engger
100 1# - MAIN ENTRY--PERSONAL NAME
Personal name Auerbach, Erich,
Dates associated with a name 1892-1957.
240 10 - UNIFORM TITLE
Uniform title Mimesis.
Language of a work English
245 10 - TITLE STATEMENT
Title Mimesis :
Remainder of title the representation of reality in Western literature /
Statement of responsibility, etc. Erich Auerbach, translated by Willard R. Trask.
260 ## - PUBLICATION, DISTRIBUTION, ETC.
Place of publication, distribution, etc. Garden City, NY :
Name of publisher, distributor, etc. Doubleday & Co., Inc.
Date of publication, distribution, etc. 1957.
300 ## - PHYSICAL DESCRIPTION
Extent 498 p. ;
Dimensions 18 cm.
650 #0 - SUBJECT ADDED ENTRY--TOPICAL TERM
Topical term or geographic name entry element Literature
General subdivision History and criticism.
Topical term or geographic name entry element Mimesis in literature.
Topical term or geographic name entry element Reality in literature.
Holdings
Withdrawn status Lost status Source of classification or shelving scheme Damaged status Not for loan Collection code Home library Current library Shelving location Date acquired Serial Enumeration / chronology Inventory number Total Checkouts Full call number Barcode Date last seen Date last checked out Price effective from Koha item type
    Dewey Decimal Classification     Main TEST RTC Library RTC Library Main opac 27/10/2022 4811 1 809.3 AUE 30001233 09/11/2022 27/10/2022 27/11/2018 Main
Royal Thimphu College || All Right Reserved